[Event "Rheinhessen-ch U16/U18"]
[Site "Oppenheim"]
[Date "2015.01.06"]
[Round "5"]
[White "Schulze Thesing, Lars"]
[Black "Hinrichs, Paul"]
[Result "0-1"]
[WhiteElo "971"]
[BlackElo "1641"]
[PlyCount "102"]
[EventDate "2015.01.03"]
[EventType "swiss"]
[EventRounds "7"]
[EventCountry "GER"]
[SourceTitle "EXT 2017"]
[Source "ChessBase"]
[SourceDate "2016.10.25"]
[SourceVersion "1"]
[SourceVersionDate "2016.10.25"]
[SourceQuality "1"]

1. e4 e5 2. Nf3 Nc6 3. Bc4 Bc5 4. d3 Nf6 5. c3 d6 6. Bb3 0-0 7. 0-0 h6 8. Nbd2 Be6 9. Bc2 Qd7 10. Re1 Ng4 11. Re2 f5 12. Nf1 fxe4 13. dxe4 Nf6 14. Ng3 Bg4 15. Re1 Bxf3 16. Qxf3 Ng4 17. Qe2 Rxf2 18. Qc4+ Kh8 19. Kh1 Rxc2 20. h3 Bf2 21. Re2 Rxe2 22. Nxe2 Nf6 23. Qd3 Rf8 24. Be3 Bxe3 25. Qxe3 Nh5 26. a3 Nf4 27. Nxf4 Rxf4 28. Qe2 Qf7 29. Kg1 Kh7 30. g3 Rf6 31. b4 Nd8 32. h4 Ne6 33. Qg2 Rf3 34. Rc1 Re3 35. Rf1 Qg6 36. Rf3 Rxe4 37. Kh2 Rg4 38. Qf2 b6 39. Qg2 Nf4 40. Qf2 Nd5 41. Qd2 Qe4 42. Rd3 Nf6 43. Qd1 Qc6 44. Qd2 Rc4 45. Qc2 Ne4 46. Kg2 Nc5+ 47. Rf3+ Ne4 48. Re3 Kg8 49. Kh2 Nxc3 50. Qb3 Kh8 51. Rf3 Rxh4+ 0-1

[Event "Rheinhessen-ch U14"]
[Site "Heidesheim"]
[Date "2013.01.19"]
[Round "4.6"]
[White "Cavlan, Mustafa"]
[Black "Schulze Thesing, Lars"]
[Result "1-0"]
[WhiteElo "1001"]
[BlackElo "878"]
[PlyCount "81"]
[EventDate "2013.01.19"]
[EventType "swiss"]
[EventRounds "7"]
[EventCountry "GER"]
[SourceTitle "EXT 2014"]
[Source "ChessBase"]
[SourceDate "2013.11.20"]
[SourceVersion "1"]
[SourceVersionDate "2013.11.20"]
[SourceQuality "1"]

1. c4 e6 2. Nc3 d5 3. e3 Nf6 4. d3 dxc4 5. dxc4 Qxd1+ 6. Nxd1 Bb4+ 7. Nc3 Ne4 8. Nge2 f5 9. f3 Nxc3 10. bxc3 Bc5 11. Nd4 a6 12. Nb3 Bb6 13. c5 Ba7 14. Be2 c6 15. Bb2 g6 16. Rd1 Bd7 17. c4 Rg8 18. f4 Bc8 19. Rd3 Nd7 20. Ba3 b6 21. cxb6 Bxb6 22. c5 Bd8 23. Nd4 Nb8 24. 0-0 Bd7 25. Rd2 Be7 26. Bc4 Kf7 27. Re1 Re8 28. e4 Bf8 29. e5 Bh6 30. g3 a5 31. Rb2 Ra7 32. Reb1 Ra8 33. Rb7 Kg8 34. Bc1 Bc8 35. Rxb8 Bd7 36. Rxa8 Rxa8 37. Nxe6 Bxe6 38. Bxe6+ Kf8 39. Rb7 Rd8 40. Rd7 Re8 41. Rf7+ 1-0